000 00659nam a2200205Ia 4500
005 20250923144656.0
008 008 250917s9999 xx 000 0 eng d
037 _aTextual
040 _aDSWL
_beng
_cDSWL
041 _aeng
_2eng
084 _aY133.933.N5Y, J7
_qDSWL
100 _aBelshaw, Cyril S.
_9827266
245 4 _aThe great village, The economic and social welfare of Hanubada an urban community in papua
_cby Cyril S. Belshaw
260 _aLondon
_bRoutledge & Kegan Paul
_c1957
300 _axviii,301p.
365 _aINR
_b0.3
925 _g0.3
942 _cTEXL
_hY133.933.N5Y, J7
999 _c1441916
_d1441916